| 000 | 00776nam a22002177a 4500 | ||
|---|---|---|---|
| 003 | OSt | ||
| 005 | 20250826084116.0 | ||
| 008 | 250826b |||||||| |||| 00| 0 eng d | ||
| 020 | _a9780838911174 | ||
| 040 |
_aDWCL-Main lib _cOC |
||
| 082 | _aCirc. 025.52 H434L 2014 | ||
| 100 | _aHealey, Paul D. | ||
| 245 |
_aLegal reference for librarians : how and where to find answers _cPaul D. Healey |
||
| 260 |
_aChicago : _bAmerican Library Association, _cc2014. |
||
| 300 |
_aix, 219 pages ; _c25 cm. |
||
| 504 | _aIncludes bibliographical references | ||
| 650 | _21.Legal research--United States. | ||
| 650 | _22. Pro se representation--Services for--United States. | ||
| 650 | _23. Librarians--United States--Handbooks, manuals, etc. | ||
| 942 |
_2ddc _cBK-0 CIRC _kRes. _n0 |
||
| 999 |
_c4291 _d4291 |
||